00547nam a22002057a 450000500170000001000110001702000100002803500110003803700160004904000120006508200160007710000160009324500660010926000400017530000210021550000190023665000210025565000480027670000170032420170124110153.0 a567479 c00.00 a567479 bCen Lib/Ret aDPLbEN a659.11bBOW aBowman, Pat aManual of public relations /cby Pat Bowman [and] Nigel Ellis aLondonbWilliam Heinemann Ltdc1969 a287p. c19cm(Hb) aIncludes index aPublic relations aPublic relations -- Handbooks, manuals, etc aEllis, Nigel